000 00372nam a2200169Ia 4500
001 4479
003 IN-NITTTR
005 20251114233000.0
008 251113s9999||||xx |||||||||||||| ||eng||
040 _beng
040 _cIN-NITTTR
041 _aeng
082 _a658 F81M
100 _aFrost, M. Gilbert
245 0 _aManagement /
_cFrost, M. Gilbert
942 _2ddc
_cBK
999 _c7115
_d7115